Reglamento de la Academia Médico-Farmacéutica Escolar, fundada en Madrid en 1876. (Record no. 182483)

MARC details
000 -LEADER
campo de control de longitud fija 00577nam a2200145 i 4500
001 - NÚMERO DE CONTROL
campo de control 182483
003 - IDENTIFICADOR DE NÚMERO DE CONTROL
campo de control ES-MaACL
005 - FECHA Y HORA DE LA ÚLTIMA TRANSACCIÓN
campo de control 20230906221624.0
008 - DATOS DE LONGITUD FIJA--INFORMACIÓN GENERAL
campo de control de longitud fija 130826s1876 sp |||| | spa d
110 2# - ENTRADA PRINCIPAL--NOMBRE DE ENTIDAD CORPORATIVA
Nombre de entidad corporativa o nombre de jurisdicción como elemento de entrada Academia Médico-Farmacéutica Escolar (Madrid)
9 (RLIN) 134082
245 10 - MENCIÓN DEL TÍTULO
Título Reglamento de la Academia Médico-Farmacéutica Escolar, fundada en Madrid en 1876.
260 ## - PUBLICACIÓN, DISTRIBUCIÓN, ETC.
Lugar de publicación, distribución, etc. Madrid :
Nombre del editor, distribuidor, etc. Academia Médico-Farmacéutica Escolar,
Fecha de publicación, distribución, etc. 1876 (
Fabricante Antonio Flórez y Compañía)
300 ## - DESCRIPCIÓN FÍSICA
Extensión 14 p. ;
Dimensiones 21 cm.
852 ## - LOCALIZACIÓN
Ubicación ES-MaACL
Número de control de estantería T-360-F-30
Nota libre .- Anotación manuscrita "Gustavo Sáenz Diez"
Holdings
Estatus retirado Estado de pérdida Estado de daño No para préstamo Colección Biblioteca de origen Biblioteca actual Ubicación en estantería Fecha de adquisición Fuente de adquisición Total de préstamos Signatura topográfica completa Código de barras Visto por última vez Precio de reemplazo Tipo de ítem Koha
        Colección de folletos Biblioteca del Ateneo de Madrid Biblioteca del Ateneo de Madrid Depósito folletos 26/08/2013     T-360-F-30 1191770 23/02/2023 23/02/2023 Folleto